00453 a2200169 4500001000700000020000600007040001100013100002300024240003800047245003300085362000900118440001400127697001400141942000700155952010200162999001900264160460 a  cMagnum aBueno, Maria Celia10aNo telhado onde dorme o gatolpor10aNo telhado onde dorme o gato0 a1899 1aAlphabeto aI/ANIMAIS cBK 00104070a32.5b32.5d2024-06-08l0oLI.02469pMAG00002622r2024-06-08 20:32:36w2024-06-08yBK c160460d160460